00322nam a22001337a 4500020001800000082001400018100001700032245003400049260003500083300001000118650002000128650002500148650001500173 a9789395878722 aM3bHAR/K aHarinath S K aKaruthachan/cby Harinath S K aThrissur:bGreen Books,c2023. a223p. aNovel Malayalam aLiterature Malayalam aLiterature